Quizzes
Events
Quiz Creation
Community
Videos
Private Events
Remove Ads
Sign In
Join for FREE
Feedback
Dark Mode
Quiz Categories
Sports
Geography
Music
Movies
Television
Just For Fun
Miscellaneous
History
Literature
Language
Science
Gaming
Entertainment
Religion
Holiday
For Kids
Quiz Lab
Recent
Popular Today
Quiz Kudos Today
Editor Picks
Curator Picks
Quizzes by...
Day
Popularity
Type
Ratings
Length
Year
Community
Subscriptions
Recent Discussions
Orange Saloon
Badges
Playlists
Quests
Create
Leaderboards
Showdown
Live 5
Trivia Bingo
Activity
Puzzle Library
Sporcle Events
Private Events
Virtual Trivia
Globe League
Become a Host
Pub Owners
SporcleCon
Opinionation
Our Games
Videos
Blog
Mobile Apps
Partnerships
Remove Ads and Go Orange
Feedback
Music
Pop Music
The Beatles
Song
Album
Lyrics
Bands
Singers
Artist
Clip
Rock
Rap
Classical
Billboard
Country Music
Kpop
Taylor Swift
Music
Pop Music
The Beatles
Song
Album
Lyrics
Bands
Singers
Artist
Clip
Rock
Rap
Classical
Billboard
Country Music
Kpop
Taylor Swift
Random Quiz
Search Sporcle
×
Quiz Lab
Quiz Lab
Music
Artist
Type in answers that appear in a list
Type in answers that appear in a list
Classic
Best Score? Go Orange.
392 Top 100 of 2010 Stats
Can you name the top 100 songs of 2010 according to 392414?
By
HijinxRandom
12m
100 Questions
4 Plays
4 Plays
4 Plays
Comments
Comments
Give Quiz Kudos
Give Quiz Kudos
-
- Ratings
hide this ad
Replay
Link that replays current quiz
Next Quiz
Link to next quiz in quiz playlist
You Got
0%
They Got
Avg Score
49%
Avg Friend Score
Upgrade to see
Score Distribution
Jump to the score distribution portion of the page
Score
0/100
Timer
12:00
0
Plays Today
Rank
Song
% Correct
2
Cooler Than Me
100%
7
Just the Way You Are
100%
9
Please Don't Go
100%
10
Only Girl (In the World)
100%
12
F**k You
100%
13
Teenage Dream
100%
16
I Like That
100%
19
California Gurls
100%
21
Memories
100%
22
OMG
100%
29
Grenade
100%
33
Love the Way You Lie
100%
35
We R Who We R
100%
38
Te Amo
100%
42
Hey Baby (Drop it to the Floor)
100%
44
Blah Blah Blah
100%
46
Your Love
100%
54
Rude Boy
100%
62
I Like It
100%
66
Heartbeat
100%
71
TiK ToK
100%
82
Raise Your Glass
100%
1
Alejandro
75%
3
Telephone
75%
4
Dynamite
75%
5
Bad Romance
75%
6
Nothin' On You
75%
8
Like a G6
75%
11
Airplanes
75%
15
Rock That Body
75%
17
Not Afraid
75%
18
Magic
75%
27
Check It Out
75%
45
Find Your Love
75%
Rank
Song
% Correct
47
What's My Name
75%
52
Baby
75%
59
In My Head
75%
79
Break Your Heart
75%
80
Imma Be
75%
87
Ridin' Solo
75%
100
10 Date Commandments
75%
14
Billionaire
50%
23
Do You Remember
50%
31
Stereo Love
50%
32
If It's Love
50%
37
Hard
50%
39
Hey, Soul Sister
50%
40
Diary
50%
55
Fireflies
50%
56
Wonderful Life
50%
72
Stylo
50%
84
The Time (The Dirty Bit)
50%
98
2012 (It Ain't The End)
50%
20
3 Words
25%
24
Kissin' U
25%
28
Heartbreak Warfare
25%
30
Shake
25%
36
Stand Up
25%
41
Somebody to Love
25%
43
Naturally
25%
48
Letting Go (Dutty Love)
25%
50
Freefallin'
25%
51
Love Like Woe
25%
53
Fight For This Love
25%
57
Carry Out
25%
58
Not Myself Tonight
25%
60
I Made It (Cash Money Heroes)
25%
61
Bottoms Up
25%
Rank
Song
% Correct
65
Undisclosed Desires
25%
68
Just Say So
25%
69
Yeah 3X
25%
74
Love the Fall
25%
75
Photographs
25%
76
Ave Mary A
25%
77
The Only Exception
25%
88
Eenie Meenie
25%
89
All the Right Moves
25%
92
You've Got the Love
25%
93
Bang Bang Bang
25%
94
If We Ever Meet Again
25%
95
Love the Way You Lie Pt. II
25%
97
Haven't Met You Yet
25%
99
Touch
25%
25
Impossible
0%
26
La La La
0%
34
Whataya Want From Me
0%
49
Beautiful Monster
0%
63
Doesn't Mean Anything
0%
64
All the Lovers
0%
67
Winner
0%
70
Lying
0%
73
Half of My Heart
0%
78
Misery
0%
81
Hot Tottie
0%
83
The Catalyst
0%
85
Good Day
0%
86
Pyramid
0%
90
Put it in a Love Song
0%
91
Alors on Danse
0%
96
You Look Better When I'm Drunk
0%
Quiz Playlist
Details
Report
Send in Message
Add To Playlist
Classic:
Type in answers that appear in a list
Quiz Source
Last Updated: Feb 16, 2017
Quiz Scoreboard
CHALLENGE
Sign Up to Join the Scoreboard
Show All
Scores
Hide
Comments
May contain spoilers
Recently Published
9x9 Crossword: Cartoon Network
by jackfrog10
Miscellaneous
3m
College Basketball Coaching Resumes
by pancakes188
Sports
9m
Billboard Blitz: Fleetwood Mac
by CooCooCachoo
Music
15s
More to Explore
Quiz From the Vault
Featured Blog Post
Where Did the Easter Bunny Come From?
hide this ad
You Might Also Like...
Tags
Artist Quiz
Song Quiz
100
2010
Today's Top Quizzes in Music
Browse Music
hide this ad
Today's Top Quizzes in Artist
Browse Artist
Top Contributed Quizzes in Music
1
Taylor Swift All Songs (2024)
2
Guess the Artist- 70s Songs
3
7-to-1: Billboard Hot 100 #1 Hits of 2010s
4
Sorting Albums and Songs
5
Taylor Swift Logic Puzzle
6
KPOP LOGIC QUIZ
7
Guess the Taylor Swift song (Mystery Song)
8
One Thing in Common: Music
9
2010s Album by Cover III
10
Guess The Taylor Swift Lyrics Song #1
Explore More
Trending Topics
Kpop
Anime
Marvel
Disney
Harry Potter
Crossword
NBA
Puzzle
Pokémon
NFL
Country
Song
WWE
Soccer
The Office
hide this ad
Score Distribution
Quiz Creator Spotlight
HijinxRandom
Follow
Send a Message
Quizzes Created
-
Created Quiz Play Count
-
Popular Quizzes Today
1
Find the US States - No Outlines Minefield
2
Find the Countries of Europe - No Outlines Minefield
3
The Countries of the World
4
Find the US States
5
Risky Map Clicking: Biggest States A-Z
6
US States
7
Popular People in 1961
8
Movies - When Are They Set?
More Music Quizzes
Pick the Oldest K-Pop Group Member
Quiz Lab
Trending Quizzes
Risky Map Clicking: Least Populous States A-Z
1-10 Letter G Words
1-10 Letter F Words
Risky Map Clicking: Next State Alphabetically
Adjectives in 80s TV Shows
Recently Updated
Leaping Animals
pecheneg
Reality TV Shows (A-Z)
bhenderson79
Rickey Henderson's Hall of Fame Teammates
pecheneg
Champions League XIs: Arsenal
pecheneg
Quick Pick: Celebrities in WWE's Hall of Fame
aduchscher
A-Z Keypad Blitz II
pecheneg
Multiple Oscar Actors
pecheneg
Mystery Phrase Blitz: Oscar 'Best Actors'
pecheneg
F. Scott Fitzgerald Novels
LTH
Pick 3 Villains
ddd62291
Trending Topics
Anime
Marvel
Disney
Crossword
Harry Potter
NBA
Kpop
Soccer
Puzzle
Song
Pokémon
The Office
WWE
NFL
Country
Your Account Isn't Verified!
In order to create a playlist on Sporcle, you need to verify the email address you used during registration. Go to your
Sporcle Settings
to finish the process.
Report this User
Report this user for behavior that violates our
Community Guidelines
.
Details:
Send Report
Go to the Sporcle.com Mobile Site →
Comments